000
00225nam a22000857a 4500
008
170601b xxu||||| |||| 00| 0 eng d
100
_9
3218
_a
Shastri. C
245
_a
The Elephants gods appetite
260
_a
New Delhi
_b
Devamala
_c
2001
999
_c
6531
_d
6531